000 01170cab a2200217 4500
001 E85227
008 090401t1997 xxu||||| |||| 00| 0 eng d
035 _a(Sirsi) u79639
041 _aeng
245 _aScottish Homes v Inverclyde District Council
260 _c1997
350 _a0
490 _aScots Law Times
_v1997 SLT 829-837(9)
520 _aContract - building contract - construction - delectus personae - transfer of responsibility for maintenance work for local authority - whether competent - relevancy of obligation of awarding public works contract on basis of offer being lowest price or most economically advantageous to local authority. Local government - public works - contract for maintenance - whether contractors could assign performance of maintenance works without consent of local authority - whether delectus personae. Public Works Contracts Regulations 1991 (SI 1991:2680), regs 10(2)(e) and 20.
650 _aBUILT ENVIRONMENT-BUILDING CONTRACT FORMS
650 _aPUBLIC WORKS CONTRACTS REGULATIONS 1991
650 _aPUBLIC WORKS CONTRACTS
690 _aBUILDING AND CONSTRUCTION-CASE LAW
942 _n0
948 _c16/07/1997
999 _c50084
_d50084